LIBRARY & INFORMATION CENTRE, KCAET, TAVANUR

ONLINE PUBLIC ACCESS CATALOGUE (OPAC)

Hindi basha Ka Saral Vyakaran / (Record no. 2899)

MARC details
000 -LEADER
fixed length control field 00441cam a2200181ua 4500
041 ## - LANGUAGE CODE
Language code of text/sound track or separate title hin
082 ## - DEWEY DECIMAL CLASSIFICATION NUMBER
Classification number 891.43
Item number BHO/HI
100 ## - MAIN ENTRY--AUTHOR NAME
Personal name Bholanath , tivari .
245 ## - TITLE STATEMENT
Title Hindi basha Ka Saral Vyakaran /
250 ## - EDITION STATEMENT
Edition statement 1 /
260 ## - PUBLICATION, DISTRIBUTION, ETC. (IMPRINT)
Place of publication :
Name of publisher Rajikamal prakashan ,
Year of publication 1958.
300 ## - PHYSICAL DESCRIPTION
Number of Pages 195 ; .
942 ## - ADDED ENTRY ELEMENTS (KOHA)
Koha item type Books
Holdings
Withdrawn status Lost status Damaged status Home library Current library Date acquired Full call number Accession Number Koha item type
Withdrawn     KAUAET Sanskrit University 07/04/2012 891.43 4824 Books
free website counter